Републиките в Русия - Statistics

General Stats
  • This quiz has been taken 36 times
  • The average score is 6 of 21
Answers on the Map
Answers color-coded by a green-red scale on the quiz's map according to % correct below.
 
Answer Stats
Type Federal Subject % Correct
Republic Чечения
61%
Republic Дагестан
61%
Republic Татарстан
52%
Republic Якутия
48%
Republic Коми
43%
Republic Карелия
39%
Republic Алтай
30%
Republic Калмикия
26%
Republic Чувашия
22%
Republic Тува
22%
Republic Адигея
17%
Republic Башкортостан
17%
Republic Бурятия
17%
Republic Ингушетия
17%
Republic Кабардино-Балкария
17%
Republic Хакасия
17%
Republic Мордовия
17%
Republic Удмуртия
17%
Republic Карачаево-Черкезия
13%
Republic Марий Ел
13%
Republic Северна Осетия
13%
No matching quizzes found
Score Distribution
Percent of People with Each Score
Percentile by Number Answered
Your Score History
You have not taken this quiz